[Event "HUN-chT2 Asztalos 1819"]
[Site "Hungary"]
[Date "2019.04.28"]
[Round "9.5"]
[White "Ferenczi, Csaba"]
[Black "Galambos, Tivadar"]
[Result "1-0"]
[WhiteElo "2024"]
[BlackElo "1991"]
[PlyCount "73"]
[EventDate "2018.10.28"]
[EventType "team-tourn"]
[EventRounds "9"]
[EventCountry "HUN"]
[SourceTitle "EXT 2021"]
[Source "ChessBase"]
[SourceDate "2020.10.23"]
[SourceVersion "1"]
[SourceVersionDate "2020.10.23"]
[SourceQuality "1"]
[WhiteTeam "Baja Spartacus"]
[BlackTeam "Kaposvar Bastya"]
[WhiteTeamCountry "HUN"]
[BlackTeamCountry "HUN"]

1. e4 d6 2. d4 Nf6 3. Nc3 g6 4. f3 Bg7 5. Be3 0-0 6. Qd2 c6 7. 0-0-0 b5 8. g4 Qa5 9. Kb1 b4 10. Nce2 Be6 11. Nc1 Nbd7 12. h4 Nb6 13. h5 Bc4 14. Bd3 Bxd3 15. Qxd3 Na4 16. Nb3 Qb6 17. c4 bxc3 18. bxc3 a5 19. Ka1 c5 20. hxg6 hxg6 21. Ne2 Rfc8 22. dxc5 dxc5 23. e5 Ne8 24. f4 c4 25. Qd2 Qe6 26. Nbd4 Qxg4 27. e6 Qg2 28. exf7+ Kxf7 29. Qc2 Nc5 30. f5 Nd3 31. Rdg1 Qe4 32. fxg6+ Kg8 33. Qd2 Rab8 34. Ng3 Qe5 35. Rh5 Qd6 36. Qh2 Rb2 37. Rh8+ 1-0

[Event "HUN-chT2 Asztalos 1718"]
[Site "Hungary"]
[Date "2017.12.03"]
[Round "3.7"]
[White "Ocztos, Dominik"]
[Black "Ferenczi, Csaba"]
[Result "1/2-1/2"]
[WhiteElo "1925"]
[BlackElo "2050"]
[PlyCount "26"]
[EventDate "2017.10.29"]
[EventType "team-tourn"]
[EventRounds "9"]
[EventCountry "HUN"]
[SourceTitle "EXT 2021"]
[Source "ChessBase"]
[SourceDate "2020.10.23"]
[SourceVersion "1"]
[SourceVersionDate "2020.10.23"]
[SourceQuality "1"]
[WhiteTeam "Sarosd"]
[BlackTeam "Baja"]
[WhiteTeamCountry "HUN"]
[BlackTeamCountry "HUN"]

1. e4 c5 2. Nf3 d6 3. d4 cxd4 4. Nxd4 Nf6 5. Nc3 a6 6. h3 e5 7. Nde2 Be7 8. g4 Be6 9. Bg2 h5 10. gxh5 Nxh5 11. Be3 Nd7 12. Nd5 Bxd5 13. exd5 Qa5+ 1/2-1/2

[Event "HUN-chT2 Asztalos 1718"]
[Site "Hungary"]
[Date "2017.11.26"]
[Round "2.6"]
[White "Zelenak, Donat"]
[Black "Ferenczi, Csaba"]
[Result "1/2-1/2"]
[WhiteElo "1841"]
[BlackElo "2046"]
[PlyCount "37"]
[EventDate "2017.10.29"]
[EventType "team-tourn"]
[EventRounds "9"]
[EventCountry "HUN"]
[SourceTitle "EXT 2021"]
[Source "ChessBase"]
[SourceDate "2020.10.23"]
[SourceVersion "1"]
[SourceVersionDate "2020.10.23"]
[SourceQuality "1"]
[WhiteTeam "Kiraly Sakk"]
[BlackTeam "Baja"]
[WhiteTeamCountry "HUN"]
[BlackTeamCountry "HUN"]

1. Nf3 Nf6 2. d4 g6 3. c4 Bg7 4. Nc3 0-0 5. e4 d6 6. h3 e5 7. d5 a5 8. Bg5 h6 9. Be3 Ne8 10. g4 f5 11. gxf5 gxf5 12. Rg1 f4 13. Bd2 Kh7 14. Nh2 Na6 15. Qh5 Qf6 16. Be2 Qf7 17. Qxf7 Rxf7 18. Bg4 Bxg4 19. Nxg4 1/2-1/2

[Event "HUN-chT2 Asztalos 1617"]
[Site "Hungary"]
[Date "2017.02.12"]
[Round "8.8"]
[White "Ferenczi, Csaba"]
[Black "Csordas, Peter"]
[Result "1-0"]
[WhiteElo "2045"]
[BlackElo "1707"]
[PlyCount "93"]
[EventDate "2016.09.25"]
[EventType "team-tourn"]
[EventRounds "11"]
[EventCountry "HUN"]
[SourceTitle "EXT 2021"]
[Source "ChessBase"]
[SourceDate "2020.10.23"]
[SourceVersion "1"]
[SourceVersionDate "2020.10.23"]
[SourceQuality "1"]
[WhiteTeam "Baja"]
[BlackTeam "Sarosd"]
[WhiteTeamCountry "HUN"]
[BlackTeamCountry "HUN"]

1. e4 c5 2. Nf3 d6 3. d4 cxd4 4. Nxd4 Nf6 5. Nc3 a6 6. Be3 g6 7. f3 h5 8. Bc4 Qc7 9. Bb3 Nbd7 10. Qd2 Nc5 11. 0-0-0 Nxb3+ 12. axb3 Bd7 13. Kb1 e5 14. Nde2 Bc6 15. Bg5 Nd7 16. Nd5 Bxd5 17. Qxd5 f6 18. Be3 0-0-0 19. Rd3 Nc5 20. Bxc5 dxc5 21. Qe6+ Kb8 22. Qxf6 Rxd3 23. cxd3 Rg8 24. Qe6 Qg7 25. Nc3 Rh8 26. Nd5 g5 27. Nb6 Ka7 28. Nc4 Rh6 29. Qxe5 Qd7 30. Rd1 b5 31. Ne3 Rc6 32. Qd5 Qe8 33. Nf5 g4 34. f4 Kb6 35. g3 Re6 36. e5 Qc8 37. Rc1 Rc6 38. Ne3 Bh6 39. d4 Bf8 40. Qe4 cxd4 41. Qxd4+ Bc5 42. Nd5+ Kb7 43. Qe4 Bf8 44. Nf6 Kb6 45. Rxc6+ Qxc6 46. Qxc6+ Kxc6 47. Nxh5 1-0

[Event "HUN-chT2 Asztalos 1617"]
[Site "Hungary"]
[Date "2017.01.29"]
[Round "7.4"]
[White "Wolosz, Janos"]
[Black "Ferenczi, Csaba"]
[Result "1/2-1/2"]
[WhiteElo "2074"]
[BlackElo "2045"]
[PlyCount "53"]
[EventDate "2016.09.25"]
[EventType "team-tourn"]
[EventRounds "11"]
[EventCountry "HUN"]
[SourceTitle "EXT 2021"]
[Source "ChessBase"]
[SourceDate "2020.10.23"]
[SourceVersion "1"]
[SourceVersionDate "2020.10.23"]
[SourceQuality "1"]
[WhiteTeam "Szentlorinc"]
[BlackTeam "Baja"]
[WhiteTeamCountry "HUN"]
[BlackTeamCountry "HUN"]

1. d4 Nf6 2. Nf3 g6 3. Nbd2 d5 4. e3 Bg7 5. Bd3 0-0 6. 0-0 Nbd7 7. b3 e5 8. dxe5 Ng4 9. Bb2 Ngxe5 10. Rb1 Nxf3+ 11. Nxf3 Bxb2 12. Rxb2 Qf6 13. Qa1 Ne5 14. Nxe5 Qxe5 15. Rbb1 Qxa1 16. Rxa1 Bd7 17. Rfd1 Rad8 18. Rd2 Bc8 19. Rad1 Rd6 20. Be2 Rfd8 21. Bf3 Be6 22. Kf1 Kf8 23. Ke2 Ke7 24. h4 f6 25. g3 b6 26. c3 h6 27. Rd4 1/2-1/2

[Event "HUN-chT2 Asztalos 1617"]
[Site "Hungary"]
[Date "2016.11.13"]
[Round "4.8"]
[White "Ferenczi, Csaba"]
[Black "Palfi, Peter"]
[Result "1/2-1/2"]
[WhiteElo "2045"]
[BlackElo "1763"]
[PlyCount "22"]
[EventDate "2016.09.25"]
[EventType "team-tourn"]
[EventRounds "11"]
[EventCountry "HUN"]
[SourceTitle "EXT 2021"]
[Source "ChessBase"]
[SourceDate "2020.10.23"]
[SourceVersion "1"]
[SourceVersionDate "2020.10.23"]
[SourceQuality "1"]
[WhiteTeam "Baja"]
[BlackTeam "Marcali"]
[WhiteTeamCountry "HUN"]
[BlackTeamCountry "HUN"]

1. e4 e5 2. Nc3 Nc6 3. f4 exf4 4. Nf3 g5 5. h3 Bg7 6. Bc4 d6 7. d4 h6 8. 0-0 Nge7 9. d5 Ne5 10. Bb3 N7g6 11. Nd4 0-0 1/2-1/2

[Event "HUN-chT2 Asztalos 1617"]
[Site "Hungary"]
[Date "2016.10.30"]
[Round "3.6"]
[White "Kadar, Gabor"]
[Black "Ferenczi, Csaba"]
[Result "1-0"]
[WhiteElo "2078"]
[BlackElo "2045"]
[PlyCount "79"]
[EventDate "2016.09.25"]
[EventType "team-tourn"]
[EventRounds "11"]
[EventCountry "HUN"]
[SourceTitle "EXT 2021"]
[Source "ChessBase"]
[SourceDate "2020.10.23"]
[SourceVersion "1"]
[SourceVersionDate "2020.10.23"]
[SourceQuality "1"]
[WhiteTeam "Komlo Banyasz II"]
[BlackTeam "Baja"]
[WhiteTeamCountry "HUN"]
[BlackTeamCountry "HUN"]

1. e4 c5 2. Nf3 d6 3. d4 cxd4 4. Nxd4 Nf6 5. f3 a6 6. c4 g6 7. Nc3 Bg7 8. Be3 0-0 9. Be2 Nc6 10. Nc2 b6 11. Qd2 Re8 12. 0-0 Bb7 13. Rac1 Rb8 14. Rfd1 Nd7 15. b4 Qc8 16. Nd5 Ba8 17. a4 Qb7 18. f4 Rbc8 19. Bf3 Qb8 20. Qf2 b5 21. cxb5 axb5 22. a5 e6 23. Nb6 Nxb6 24. Bxb6 d5 25. exd5 exd5 26. Bxd5 Ne7 27. Bxa8 Qxa8 28. Bc5 Nd5 29. Re1 Qb8 30. g3 Nc3 31. Rxe8+ Rxe8 32. Re1 Ne4 33. Qf3 f5 34. a6 Qa8 35. a7 Rc8 36. Qb3+ Kh8 37. Be3 Rc3 38. Qa2 h5 39. Rd1 Kh7 40. Qd5 1-0

[Event "HUN-chT2 Asztalos 1516"]
[Site "Hungary"]
[Date "2016.02.14"]
[Round "7.7"]
[White "Ferenczi, Csaba"]
[Black "Rot, Norbert"]
[Result "1/2-1/2"]
[WhiteElo "2087"]
[BlackElo "1823"]
[PlyCount "28"]
[EventDate "2015.09.13"]
[EventType "team-tourn"]
[EventRounds "11"]
[EventCountry "HUN"]
[SourceTitle "EXT 2017"]
[Source "ChessBase"]
[SourceDate "2016.10.25"]
[SourceVersion "1"]
[SourceVersionDate "2016.10.25"]
[SourceQuality "1"]
[WhiteTeam "Baja Spartacus"]
[BlackTeam "Pet"]
[WhiteTeamCountry "HUN"]
[BlackTeamCountry "HUN"]

1. Nf3 d5 2. g3 e6 3. Bg2 Nf6 4. 0-0 c5 5. d4 Nc6 6. c4 Be7 7. cxd5 Nxd5 8. Nc3 0-0 9. Nxd5 exd5 10. Be3 c4 11. b3 b5 12. a4 Na5 13. bxc4 bxc4 14. Qc2 g6 1/2-1/2

[Event "HUN-chT2 Asztalos 1516"]
[Site "Hungary"]
[Date "2015.11.08"]
[Round "4.6"]
[White "Ferenczi, Csaba"]
[Black "Percze, Janos"]
[Result "1-0"]
[WhiteElo "2067"]
[BlackElo "2142"]
[PlyCount "65"]
[EventDate "2015.09.13"]
[EventType "team-tourn"]
[EventRounds "11"]
[EventCountry "HUN"]
[SourceTitle "CBM 170 Extra"]
[Source "ChessBase"]
[SourceDate "2016.02.25"]
[SourceVersion "1"]
[SourceVersionDate "2016.02.25"]
[SourceQuality "1"]
[WhiteTeam "Baja Spartacus"]
[BlackTeam "Nagyatad"]
[WhiteTeamCountry "HUN"]
[BlackTeamCountry "HUN"]

1. e4 d5 2. exd5 Nf6 3. d4 Bg4 4. Nf3 Qxd5 5. Be2 Nc6 6. c4 Qf5 7. h3 Bxf3 8. Bxf3 e6 9. 0-0 Bd6 10. Qa4 0-0 11. Bxc6 bxc6 12. Qxc6 Rfd8 13. Nc3 Rab8 14. Qf3 Qxf3 15. gxf3 c5 16. Nb5 Bf8 17. Nxa7 Rb7 18. Nb5 cxd4 19. a4 e5 20. a5 Bb4 21. Ra4 Bc5 22. b4 Be7 23. a6 Rbd7 24. c5 Nd5 25. Bd2 Ra8 26. Rc1 Bd8 27. Nd6 Nc7 28. b5 Rxd6 29. cxd6 Nxb5 30. d7 Nc7 31. Ba5 Rxa6 32. Bxc7 Rxa4 33. Bxd8 1-0

[Event "HUN-chT2 Asztalos 1516"]
[Site "Hungary"]
[Date "2015.09.13"]
[Round "1.6"]
[White "Werner, Anna"]
[Black "Ferenczi, Csaba"]
[Result "1-0"]
[WhiteElo "1999"]
[BlackElo "2067"]
[PlyCount "75"]
[EventDate "2015.09.13"]
[EventType "team-tourn"]
[EventRounds "11"]
[EventCountry "HUN"]
[SourceTitle "CBM 170 Extra"]
[Source "ChessBase"]
[SourceDate "2016.02.25"]
[SourceVersion "1"]
[SourceVersionDate "2016.02.25"]
[SourceQuality "1"]
[WhiteTeam "Decs 1990 II"]
[BlackTeam "Baja Spartacus"]
[WhiteTeamCountry "HUN"]
[BlackTeamCountry "HUN"]

1. d4 Nf6 2. c4 g6 3. Nc3 Bg7 4. e4 d6 5. Be2 0-0 6. Be3 e5 7. Nf3 Nc6 8. d5 Ne7 9. Nd2 Ne8 10. 0-0 f5 11. f3 f4 12. Bf2 g5 13. b4 h5 14. c5 Ng6 15. Nc4 Rf7 16. cxd6 cxd6 17. Nb5 a6 18. Nb6 Rb8 19. Na3 Nf6 20. Nac4 Bf8 21. Rc1 Rg7 22. Nxc8 Rxc8 23. Qb3 g4 24. Bb6 Qe8 25. Na5 Nh4 26. Kh1 Nxg2 27. Bf2 g3 28. Kxg2 gxh2+ 29. Kxh2 Nh7 30. Rxc8 Qxc8 31. Rg1 Ng5 32. Bf1 Be7 33. Nc4 h4 34. Nxe5 dxe5 35. d6+ Kh7 36. dxe7 Qd7 37. Rxg5 Rxg5 38. Qf7+ 1-0

[Event "HUN-chT2 Asztalos 1415"]
[Site "Hungary"]
[Date "2015.04.26"]
[Round "9.4"]
[White "Ferenczi, Csaba"]
[Black "Rein, Viktor"]
[Result "1-0"]
[WhiteElo "2048"]
[BlackElo "1954"]
[PlyCount "67"]
[EventDate "2014.10.12"]
[EventType "team-tourn"]
[EventRounds "9"]
[EventCountry "HUN"]
[SourceTitle "EXT 2016"]
[Source "ChessBase"]
[SourceDate "2015.10.08"]
[SourceVersion "1"]
[SourceVersionDate "2015.10.08"]
[SourceQuality "1"]
[WhiteTeam "Baja Spartacus"]
[BlackTeam "Pecs Karmin"]
[WhiteTeamCountry "HUN"]
[BlackTeamCountry "HUN"]

1. Nf3 c5 2. g3 d5 3. Bg2 e6 4. 0-0 Nf6 5. d4 Nc6 6. c4 cxd4 7. Nxd4 Bd7 8. Nc3 dxc4 9. Nxc6 Bxc6 10. Bxc6+ bxc6 11. Qa4 Qc7 12. Qxc4 Bd6 13. Bg5 Rb8 14. Bxf6 gxf6 15. b3 h5 16. Ne4 Be7 17. Qc3 Rh6 18. Rac1 f5 19. Qg7 Bf8 20. Nf6+ Ke7 21. Ng8+ Ke8 22. Qg5 Rg6 23. Nf6+ Ke7 24. Nd5+ Kd7 25. Qxg6 fxg6 26. Nxc7 Kxc7 27. Rc4 Rb4 28. Rfc1 Rxc4 29. Rxc4 a5 30. e4 g5 31. exf5 exf5 32. h4 Be7 33. hxg5 Bxg5 34. Rc5 1-0

[Event "HUN-chT2 Asztalos 1415"]
[Site "Hungary"]
[Date "2014.12.14"]
[Round "4"]
[White "Szabo, Zoltan"]
[Black "Ferenczi, Csaba"]
[Result "0-1"]
[WhiteElo "1862"]
[BlackElo "2048"]
[PlyCount "168"]
[EventDate "2014.10.12"]
[EventType "team-tourn"]
[EventRounds "9"]
[EventCountry "HUN"]
[SourceTitle "EXT 2016"]
[Source "ChessBase"]
[SourceDate "2015.10.08"]
[SourceVersion "1"]
[SourceVersionDate "2015.10.08"]
[SourceQuality "1"]
[WhiteTeam "Peti MTE"]
[BlackTeam "Baja Spartacus"]
[WhiteTeamCountry "HUN"]
[BlackTeamCountry "HUN"]

1. d4 Nf6 2. c4 g6 3. Nc3 d6 4. e4 Bg7 5. Bd3 0-0 6. Nge2 e5 7. d5 Ne8 8. 0-0 f5 9. f3 f4 10. b4 a5 11. bxa5 Rxa5 12. Bd2 Ra8 13. Kh1 g5 14. Ng1 Rf6 15. Re1 Bf8 16. Bf1 Rh6 17. a4 Nf6 18. Re2 Nbd7 19. Be1 Nh5 20. Rea2 Nc5 21. Nce2 Bd7 22. a5 g4 23. Qc2 Nf6 24. Nc3 Rh5 25. Ra3 g3 26. h3 h6 27. Qe2 Rh4 28. R1a2 Nh7 29. Qc2 Qc8 30. Nce2 Ng5 31. Nxg3 fxg3 32. Bxg3 Rh5 33. Kh2 Nh7 34. Qe2 Rg5 35. Bh4 Rg6 36. Bf2 Qd8 37. Be3 Qh4 38. Bf2 Qf4+ 39. Kh1 Qf6 40. Be3 Qg7 41. Bxc5 dxc5 42. Qb2 Bc8 43. Rb3 Bd6 44. Rxb7 Bxb7 45. Qxb7 Qf8 46. a6 Qb8 47. Qc6 Nf8 48. Qb5 Qxb5 49. cxb5 Nd7 50. Ne2 Nb6 51. Nc3 Kf7 52. Kg1 Rgg8 53. Kf2 Ke7 54. Ke3 Kd7 55. Kd2 Kc8 56. Ke3 Kb8 57. Kf2 Ka7 58. Ke3 Rab8 59. Kf2 Rg6 60. Ke3 Rbg8 61. Kf2 Be7 62. Ke3 Bg5+ 63. Kf2 Bh4+ 64. Ke3 Bd8 65. Kf2 Bh4+ 66. Ke3 Be1 67. Nd1 Bg3 68. Nc3 Bh4 69. Rc2 h5 70. Ra2 Be7 71. Kf2 h4 72. Ke3 c4 73. Rc2 Bc5+ 74. Kd2 Rxg2+ 75. Bxg2 Rxg2+ 76. Kd1 Rg3 77. Ke2 Rxh3 78. Rc1 Rh2+ 79. Kd1 h3 80. Ne2 Rh1+ 81. Kc2 Rxc1+ 82. Kxc1 Bf2 83. f4 h2 84. f5 h1Q+ 0-1

[Event "HUN-chT2 Asztalos 1314"]
[Site "Hungary"]
[Date "2014.03.23"]
[Round "7"]
[White "Ferenczi, Csaba"]
[Black "Angyal, Ferenc"]
[Result "1/2-1/2"]
[WhiteElo "2061"]
[BlackElo "1958"]
[PlyCount "64"]
[EventDate "2013.09.08"]
[EventType "team-tourn"]
[EventRounds "9"]
[EventCountry "HUN"]
[SourceTitle "EXT 2016"]
[Source "ChessBase"]
[SourceDate "2015.10.08"]
[SourceVersion "1"]
[SourceVersionDate "2015.10.08"]
[SourceQuality "1"]
[WhiteTeam "Baja"]
[BlackTeam "Kiraly Sakk"]
[WhiteTeamCountry "HUN"]
[BlackTeamCountry "HUN"]

1. Nf3 Nf6 2. g3 g6 3. Bg2 Bg7 4. 0-0 0-0 5. d3 d6 6. e4 c5 7. Nbd2 Nc6 8. c3 Bg4 9. h3 Bd7 10. a4 Qc8 11. Kh2 Qc7 12. Nc4 Na5 13. Nfd2 Nxc4 14. Nxc4 Rab8 15. Re1 e5 16. a5 b5 17. axb6 axb6 18. Be3 b5 19. Nd2 Ra8 20. Qe2 Bc6 21. d4 Rxa1 22. Rxa1 c4 23. d5 Ra8 24. Qd1 Rxa1 25. Qxa1 Bd7 26. Qa8+ Qc8 27. Qa5 Ne8 28. Nb1 f5 29. f3 Bf6 30. Na3 Bd8 31. Qb4 Qa6 32. Nc2 Bb6 1/2-1/2

[Event "HUN-chT2 Asztalos 1314"]
[Site "Hungary"]
[Date "2014.03.02"]
[Round "6"]
[White "Nogradi, Gabor"]
[Black "Ferenczi, Csaba"]
[Result "1/2-1/2"]
[WhiteElo "2009"]
[BlackElo "2061"]
[PlyCount "51"]
[EventDate "2013.09.08"]
[EventType "team-tourn"]
[EventRounds "9"]
[EventCountry "HUN"]
[SourceTitle "EXT 2016"]
[Source "ChessBase"]
[SourceDate "2015.10.08"]
[SourceVersion "1"]
[SourceVersionDate "2015.10.08"]
[SourceQuality "1"]
[WhiteTeam "Pecs Karmin"]
[BlackTeam "Baja"]
[WhiteTeamCountry "HUN"]
[BlackTeamCountry "HUN"]

1. d4 Nf6 2. Nf3 g6 3. g3 Bg7 4. Bg2 0-0 5. 0-0 d6 6. b3 Nbd7 7. Bb2 e5 8. c4 Re8 9. e3 exd4 10. Bxd4 Nf8 11. Nc3 Ne6 12. Rc1 Nxd4 13. exd4 c6 14. Re1 Bf5 15. Rxe8+ Qxe8 16. Qd2 Qf8 17. Re1 Re8 18. h3 Re7 19. Rxe7 Qxe7 20. Qe3 Kf8 21. Nd2 Ng8 22. Nd1 Qxe3 23. fxe3 h5 24. b4 Ke7 25. b5 Kd7 26. Ne4 1/2-1/2

[Event "HUN-chT2 Asztalos 1112"]
[Site "Hungary"]
[Date "2012.05.20"]
[Round "11.3"]
[White "Ferenczi, Csaba"]
[Black "Varadi, Benedek"]
[Result "1/2-1/2"]
[WhiteElo "2072"]
[BlackElo "1941"]
[PlyCount "52"]
[EventDate "2011.09.25"]
[EventType "team-tourn"]
[EventRounds "11"]
[EventCountry "HUN"]
[SourceTitle "EXT 2013"]
[Source "ChessBase"]
[SourceDate "2012.11.22"]
[SourceVersion "1"]
[SourceVersionDate "2012.11.22"]
[SourceQuality "1"]
[WhiteTeam "Baja"]
[BlackTeam "Dunaujvaros"]
[WhiteTeamCountry "HUN"]
[BlackTeamCountry "HUN"]

1. e4 c5 2. Nf3 e6 3. b3 Nc6 4. Bb2 d5 5. exd5 exd5 6. d4 Nf6 7. Bd3 Bg4 8. 0-0 Bxf3 9. Qxf3 cxd4 10. Bb5 Qb6 11. Re1+ Be7 12. Bxc6+ bxc6 13. Ba3 c5 14. c3 Ne4 15. Qh5 Rd8 16. cxd4 Qa5 17. Qe2 0-0 18. dxc5 Bf6 19. b4 Qa4 20. Bb2 Qxb4 21. Bxf6 Nxf6 22. Rc1 Qd4 23. Nd2 Rfe8 24. Nb3 Qf4 25. Qd2 Qh4 26. f3 Qa4 1/2-1/2

[Event "HUN-chT2 Asztalos 0910"]
[Site "Hungary"]
[Date "2010.03.21"]
[Round "8"]
[White "Neber, Akos"]
[Black "Ferenczi, Csaba"]
[Result "1/2-1/2"]
[WhiteElo "2169"]
[BlackElo "2126"]
[PlyCount "61"]
[EventDate "2009.11.08"]
[EventType "team-tourn"]
[EventRounds "11"]
[EventCountry "HUN"]
[SourceTitle "EXT 2011"]
[Source "ChessBase"]
[SourceDate "2010.11.26"]
[SourceVersion "1"]
[SourceVersionDate "2010.11.26"]
[SourceQuality "1"]
[WhiteTeam "Szenna Pack"]
[BlackTeam "Baja"]
[WhiteTeamCountry "HUN"]
[BlackTeamCountry "HUN"]

1. e4 c5 2. Nf3 d6 3. d4 cxd4 4. Nxd4 Nf6 5. Nc3 a6 6. Be3 e5 7. Nb3 Be6 8. f3 Nbd7 9. Qd2 Rc8 10. g4 b5 11. g5 Nh5 12. a4 b4 13. Nd5 Bxd5 14. exd5 a5 15. Bb5 Be7 16. Rg1 Qc7 17. 0-0-0 0-0 18. Kb1 Bd8 19. Nxa5 Qxa5 20. Bxd7 Rb8 21. b3 Bb6 22. Bxb6 Qxb6 23. Rge1 f5 24. gxf6 Rxf6 25. Bg4 Nf4 26. Re4 Qb7 27. Be6+ Nxe6 28. dxe6 Rxe6 29. Qd5 Qxd5 30. Rxd5 Rf6 31. a5 1/2-1/2

[Event "HUN-chT2 Asztalos 0910"]
[Site "Hungary"]
[Date "2010.02.28"]
[Round "7"]
[White "Ferenczi, Csaba"]
[Black "Csernyiczky, Laszlo"]
[Result "0-1"]
[WhiteElo "2126"]
[BlackElo "2134"]
[PlyCount "62"]
[EventDate "2009.11.08"]
[EventType "team-tourn"]
[EventRounds "11"]
[EventCountry "HUN"]
[SourceTitle "EXT 2011"]
[Source "ChessBase"]
[SourceDate "2010.11.26"]
[SourceVersion "1"]
[SourceVersionDate "2010.11.26"]
[SourceQuality "1"]
[WhiteTeam "Baja"]
[BlackTeam "Dunaujvaros"]
[WhiteTeamCountry "HUN"]
[BlackTeamCountry "HUN"]

1. Nf3 d6 2. g3 e5 3. d3 f5 4. Bg2 Nf6 5. c4 Be7 6. Nc3 0-0 7. 0-0 c6 8. c5 h6 9. cxd6 Qxd6 10. b3 Nd5 11. Bb2 Bf6 12. Nxd5 cxd5 13. d4 e4 14. Ne5 Nc6 15. Nxc6 bxc6 16. Rc1 Bd7 17. e3 g5 18. Qd2 Be7 19. f3 exf3 20. Bxf3 g4 21. Be2 Bg5 22. Bd3 Rae8 23. Rce1 h5 24. Bc1 h4 25. Qf2 Qh6 26. Re2 Rf7 27. Rfe1 Rh7 28. Qg2 Ree7 29. b4 hxg3 30. hxg3 Qd6 31. e4 Bxc1 0-1

[Event "HUN-chT2 Asztalos 0910"]
[Site "Hungary"]
[Date "2010.02.14"]
[Round "6"]
[White "Straubinger, Daniel"]
[Black "Ferenczi, Csaba"]
[Result "1/2-1/2"]
[WhiteElo "2168"]
[BlackElo "2126"]
[PlyCount "65"]
[EventDate "2009.11.08"]
[EventType "team-tourn"]
[EventRounds "11"]
[EventCountry "HUN"]
[SourceTitle "EXT 2011"]
[Source "ChessBase"]
[SourceDate "2010.11.26"]
[SourceVersion "1"]
[SourceVersionDate "2010.11.26"]
[SourceQuality "1"]
[WhiteTeam "Decs II"]
[BlackTeam "Baja"]
[WhiteTeamCountry "HUN"]
[BlackTeamCountry "HUN"]

1. e4 c5 2. Nf3 d6 3. d4 cxd4 4. Nxd4 Nf6 5. Nc3 a6 6. Be2 e5 7. Nb3 Be7 8. 0-0 0-0 9. a4 b6 10. Be3 Bb7 11. Bf3 Nbd7 12. Qe2 Qc7 13. Rfd1 Rfc8 14. Rd2 Bc6 15. Bg5 h6 16. Bh4 Nf8 17. Bxf6 Bxf6 18. Rad1 Be7 19. Bg4 Rd8 20. Qc4 Ra7 21. f4 exf4 22. Nd4 Ba8 23. Qf1 Qc5 24. Kh1 Bf6 25. Nde2 b5 26. Rd3 b4 27. Nd5 Bxb2 28. Qxf4 Be5 29. Qd2 a5 30. Bf5 g6 31. Bg4 Kg7 32. Rh3 g5 33. Rd3 1/2-1/2

[Event "HUN-chT2 Asztalos 0809"]
[Site "Hungary"]
[Date "2009.04.05"]
[Round "10"]
[White "Osztobanyi, Zoltan"]
[Black "Ferenczi, Csaba"]
[Result "1/2-1/2"]
[WhiteElo "2153"]
[BlackElo "2126"]
[PlyCount "99"]
[EventDate "2008.10.26"]
[EventType "team-tourn"]
[EventRounds "11"]
[EventCountry "HUN"]
[SourceTitle "EXT 2010"]
[Source "ChessBase"]
[SourceDate "2010.11.25"]
[SourceVersion "1"]
[SourceVersionDate "2010.11.25"]
[SourceQuality "1"]
[WhiteTeam "Dunaujvaros"]
[BlackTeam "Baja"]
[WhiteTeamCountry "HUN"]
[BlackTeamCountry "HUN"]

1. Nf3 Nf6 2. c4 g6 3. g3 Bg7 4. Bg2 0-0 5. 0-0 d6 6. d4 Nbd7 7. Nc3 c6 8. e4 e5 9. h3 exd4 10. Nxd4 Nc5 11. Nb3 Ne6 12. Be3 Re8 13. Qd2 Nc7 14. Rfd1 Be6 15. Qe2 Qc8 16. Kh2 Rd8 17. Rac1 Nfe8 18. Bg5 f6 19. Bf4 f5 20. Bg5 Bf6 21. Bxf6 Nxf6 22. exf5 Bxf5 23. Qe7 Nce8 24. Nd4 Qd7 25. Re1 Qxe7 26. Rxe7 Rd7 27. Nxf5 gxf5 28. Rce1 Kf8 29. Rxd7 Nxd7 30. f4 Kf7 31. g4 fxg4 32. hxg4 Nef6 33. g5 Re8 34. Rxe8 Nxe8 35. Be4 Nf8 36. Kg3 Ng6 37. b3 Ng7 38. Kg4 Ne6 39. Ne2 Nc5 40. Bc2 Ne6 41. f5 Ne5+ 42. Kh5 Nf8 43. Nf4 a5 44. Be4 a4 45. Nd3 Nxd3 46. Bxd3 axb3 47. axb3 Kg7 48. Be4 Nd7 49. Kg4 h6 50. gxh6+ 1/2-1/2

[Event "HUN-chT2 Asztalos 0809"]
[Site "Hungary"]
[Date "2009.03.08"]
[Round "9"]
[White "Ferenczi, Csaba"]
[Black "Kalanyos, Ferenc"]
[Result "0-1"]
[WhiteElo "2126"]
[BlackElo "1997"]
[PlyCount "78"]
[EventDate "2008.10.26"]
[EventType "team-tourn"]
[EventRounds "11"]
[EventCountry "HUN"]
[SourceTitle "EXT 2010"]
[Source "ChessBase"]
[SourceDate "2010.11.25"]
[SourceVersion "1"]
[SourceVersionDate "2010.11.25"]
[SourceQuality "1"]
[WhiteTeam "Baja"]
[BlackTeam "Tamasi Szabadido"]
[WhiteTeamCountry "HUN"]
[BlackTeamCountry "HUN"]

1. Nf3 c5 2. g3 Nf6 3. Bg2 e6 4. 0-0 Be7 5. d3 Nc6 6. e4 d6 7. Nc3 a6 8. Re1 Qc7 9. a4 0-0 10. Bf4 Nh5 11. Be3 Nf6 12. h3 Nd7 13. Ne2 Nde5 14. Nxe5 Nxe5 15. f4 Nc6 16. c3 d5 17. e5 b6 18. d4 Bb7 19. Rf1 Na5 20. b3 Rad8 21. Rc1 c4 22. b4 Nc6 23. Kh2 Bc8 24. Ng1 f6 25. exf6 Bxf6 26. Nf3 g6 27. Qc2 Rde8 28. Ne5 Bxe5 29. fxe5 Rxf1 30. Rxf1 Rf8 31. Rf6 Rxf6 32. exf6 Qf7 33. Qf2 Bd7 34. Qf4 Be8 35. g4 Nd8 36. a5 bxa5 37. bxa5 Nc6 38. g5 Qd7 39. h4 Nxa5 0-1